000 01560nam a2200169Ia 4500
005 20250117103809.0
008 250117s9999 xx 000 0 und d
020 _a9780691160252
082 _a330.1HIR
100 _aHirschman, Albert O.
245 4 _aThe passions and the interests
_bpolitical arguments for capitalism before its triumph
260 _aPrinceton
_bPrinceton University Press
_c2013
300 _axxv,161p.
500 _aIncludes index
520 _aIn this volume, Albert Hirschman reconstructs the intellectual climate of the seventeenth and eighteenth centuries to illuminate the intricate ideological transformation that occurred, wherein the pursuit of material interests--so long condemned as the deadly sin of avarice--was assigned the role of containing the unruly and destructive passions of man. Hirschman here offers a new interpretation for the rise of capitalism, one that emphasizes the continuities between old and new, in contrast to the assumption of a sharp break that is a common feature of both Marxian and Weberian thinking. Among the insights presented here is the ironical finding that capitalism was originally supposed to accomplish exactly what was soon denounced as its worst feature: the repression of the passions in favor of the "harmless," if one-dimensional, interests of commercial life. To portray this lengthy ideological change as an endogenous process, Hirschman draws on the writings of a large number of thinkers, including Montesquieu, Sir James Steuart, and Adam Smith.
650 _aCapitalism--History.
999 _c6073
_d6073